000 00926nam a2200289 i 4500
003 EG-GICUC
005 20260427151912.0
008 260427s1968 fr ||||fr|||| 00| 0 fre d
040 _aEG-GiCUC
_bfre
_cEG-GiCUC
_dEG-GiCUC
_erda
082 0 4 _221
_a341.28
_bED . P
092 0 4 _221
099 _aLaw1 11 341.28 ED . P 1968
100 1 _aÉdouard Atiyah
_eAuteur
245 1 0 _aPalestine, Terre De Promesses Et De Sang /
_b
_n
_cÉdouard Atiyah, Henry Cattan.
264 3 _aParis :
_bÉditions Cujas,
_c1968.
300 _a104pages :
_billustrations,
_c24 cm
336 _2rda content
_atext
337 _2rda media
_aComputer
338 _2rda carrier
_aOnline Resource
546 _aTexte en français
650 1 4 _2
_aDroit international public
651 1 _2
700 1 _aCattan, Henry
_eCo-Auteur
856 4 0 _uhttps://fll.law.cu.edu.eg/fulltext/bks/B11-06644.pdf
905 _a50
942 _2ddc
_cBK
_e21
_n0
999 _c73707
_d73707